| 000 | 01128nam a22002657a 4500 | ||
|---|---|---|---|
| 008 | 110904m20092007cau|||||r|||| 001 0 eng d | ||
| 020 | _a188041144X | ||
| 020 | _a9781880411445 | ||
| 082 |
_222 _a330.0112 _bSTA |
||
| 100 |
_926961 _aStartz, Richard |
||
| 245 |
_aEViews Illustrated for Version 7 / _cRichard Startz |
||
| 250 | _a2nd ed. | ||
| 260 |
_aIrvine, CA : _bQuantitative Micro Software, 2009. _c2009 |
||
| 300 |
_avi, 420 p. : _b ill. ; _c23 cm. |
||
| 500 | _aIncludes index | ||
| 541 | _aMr. Ahmed Swan ; | ||
| 610 |
_913804 _aQuantitative Micro Software (Firm) |
||
| 650 |
_926958 _aEViews (Computer file) _vHandbooks, manuals, etc. |
||
| 650 |
_926959 _aEconomic forecasting _xComputer programs _vHandbooks, manuals, etc. |
||
| 650 |
_926960 _aEconometrics _xComputer programs _vHandbooks, manuals, etc. |
||
| 650 |
_926959 _aEconomic forecasting _xComputer programs _vHandbooks, manuals, etc. |
||
| 653 |
_bEco _cSeptember2011 |
||
| 942 |
_2ddc _cBB |
||
| 999 |
_c15937 _d15937 |
||